000 00700nam a22002177a 4500
003 UA-OsUOA
001 118761
007 ta
008 20160914b un ||||| |||| 00| 0 ukr d
100 _aГордієнко Л.А.
090 _a330(477)
_bГ68
942 _cSA
040 _aUA-OsUOA
_bukr
_cUA-OsUOA
_dUA-OsUOA
245 _aПроблеми та напрями удосконалення фінансової політики соціальної сфери України
300 _aС.4-8
955 _a0
041 _aukr
080 _a330(477)
773 0 _w118760
_tЕкономіка. Фінанси. Право.
_dК.
_d2016
_g7
650 7 _a330 Економіка взагалі
_2UDC
999 _c404870
_d404870